000 01104nam a22003617b 4500
001 01576779
003 DO-SdBNP
005 20260430130642.0
007 01576779
008 000726s2000 sp a | ||spa
016 7 _a
_2BPMSU
017 _a
_b
020 _a8434870134
035 _a
040 _aBPMSU
_bspa
_cBPMSU
_e
080 0 _a
082 0 4 _a741.5982
_b G313b 2000
_222
100 1 _aGeisler, Dagmar
_d1958-
_4aut.
_eautor
245 1 3 _aLa bruja Rosina /
_cDagmar Geisler ; traducción Rosanna Terzi
_h
260 _c2000.
264 _aMadrid :
_bEdiciones SM,
_c2000
300 _a31 páginas :
_b ilustraciones ;
_c22 cm
336 _atexto
_btxt
_2rdacontent
337 _asin mediación
_bn
_2rdamedia
338 _avolumen
_bnc
_2rdacarrier
490 0 _aLos cómics,
_v2
590 _aInventariado, 2026/VM
650 7 _a Cuentos infantiles alemanes
_xTiras cómicas, historietas, etc.
650 7 _a Bruja
_xTiras cómicas, historietas, etc.
700 1 _aTerzi, Rosanna
_etraductor
910 _aVMateo V. Control de calidad. BPMSU
942 _2ddc
_cBK
999 _c9726
_d9726